000 01015nam a22003497a 4500
001 BR2022001018
003 BR-BrBNA
005 20230928105704.0
007 ta
008 230509b bl.||||| |||| 00| 0 por d
040 _aBR-BrBNA
_bpor
_cBiblioteca Nacional de Agricultura
041 _a(Por)
072 _aE11; E10; E14
090 _ E11 BR2022001018
110 1 _aMinistério do Desenvolvimento Agrário, Brasília, DF (Brasil)
_97107
245 1 _aTerra da gente: retrato de um Brasil rural
_bRelatório de Gestão
260 3 _aBrasília, DF (Brasil):
_c2007.
300 _a102 p.
500 _aSummary (Por)
650 _aREFORMA AGRÁRIA
650 _aASSENTAMENTO
650 _aPOLÍTICA AGRÍCOLA
650 _aDESENVOLVIMENTO RURAL
650 _aAGRICULTURA FAMILIAR
650 _aECOLOGIA AGRÍCOLA
650 _aCRÉDITO RURAL
650 _aTRABALHADOR RURAL
650 _aMULHER RURAL
650 _aSOCIOLOGIA RURAL
909 _a202309
_bLucia
_c55
_dLucia Elande
942 _cBK
999 _c86210
_d86210